[Event "World Rapid Women 2021"]
[Site "Warsaw POL"]
[Date "2021.12.27"]
[Round "5.12"]
[White "Mamedjarova, Turkan"]
[Black "Stefanova, Antoaneta"]
[Result "0-1"]
[WhiteTitle "WGM"]
[BlackTitle "GM"]
[WhiteElo "2264"]
[BlackElo "2469"]
[WhiteFideId "13402005"]
[BlackFideId "2902257"]
[EventDate "2021.12.26"]

1. d4 d5 2. c4 e6 3. Nc3 c6 4. Nf3 dxc4 5. a4 Bb4 6. e3 b5 7. Bd2 a5 8. Ne5 Nf6
9. Be2 Bb7 10. Bf3 Qb6 11. O-O O-O 12. Ne4 Nxe4 13. Bxe4 c5 14. Bxb7 Qxb7 15.
axb5 Qxb5 16. Rc1 cxd4 17. Bxb4 axb4 18. Qxd4 c3 19. bxc3 b3 20. c4 Qb7 21. c5
Nc6 22. Qe4 Rfc8 23. Rb1 Rab8 24. Rfd1 Nxe5 25. Qxe5 h6 26. h3 Qb5 27. Rdc1 b2
28. Rc2 Qd3 29. Rcxb2 Qxb1+ 30. Rxb1 Rxb1+ 31. Kh2 Rc1 32. Qd6 R1xc5 33. Qd4 Rd5
34. Qb2 Rcd8 35. Qe2 Rd2 36. Qf3 Ra2 37. Qc6 Rxf2 38. Kg3 Rdd2 39. Kh4 Rxg2 40.
Qe8+ Kh7 41. Qxf7 Rg6 42. Qf4 Rd5 43. Qe4 Rf5 44. Qd4 Rgg5 45. Qe4 Rg6 46. Qd4
h5 47. Qe4 Kh6 48. Qa8 Kh7 49. Qe4 Ra5 50. Qb4 Re5 51. Qf4 Rb5 52. Qc4 Rd5 53.
Qe4 Rf5 54. Qc4 Rgf6 55. Qc7 Kh6 56. Qd8 Kh7 57. Qd3 Kh6 58. Qd8 Re5 59. Qd4 Rd5
60. Qe4 Rdf5 61. Qa8 g5+ 62. Kg3 h4+ 63. Kg2 Kg7 64. Qb7+ Rf7 65. Qb2+ Kg6 66.
Qc2 Kh6 67. Qb2 Rf2+ 68. Qxf2 Rxf2+ 69. Kxf2 Kh5 70. Kf3 g4+ 71. hxg4+ Kg5 72.
e4 e5 73. Kg2 Kxg4 74. Kh2 h3 75. Kh1 Kf3 76. Kh2 Kxe4 77. Kxh3 Kf3 0-1

[Event "World Rapid Women 2021"]
[Site "Warsaw POL"]
[Date "2021.12.27"]
[Round "5.13"]
[White "Goryachkina, Aleksandra"]
[Black "Osmak, Yuliia"]
[Result "1/2-1/2"]
[WhiteTitle "GM"]
[BlackTitle "IM"]
[WhiteElo "2610"]
[BlackElo "2419"]
[WhiteFideId "4147103"]
[BlackFideId "14101602"]
[EventDate "2021.12.26"]

1. d4 Nf6 2. c4 e6 3. g3 d5 4. Bg2 dxc4 5. Nf3 c5 6. O-O Nc6 7. dxc5 Qxd1 8.
Rxd1 Bxc5 9. Nbd2 c3 10. bxc3 O-O 11. Nb3 Be7 12. Nfd4 Bd7 13. Bg5 Rfc8 14. Nf5
exf5 15. Bxf6 Bxf6 16. Rxd7 Rab8 17. Rad1 Ne5 18. Rxb7 Rxb7 19. Bxb7 Rxc3 20.
Nd4 g6 21. Bd5 Rc5 22. Bb3 Kg7 23. Kg2 h5 24. Nf3 Nxf3 25. Kxf3 Rc7 26. e3 Re7
27. Rd6 h4 28. Rc6 hxg3 29. hxg3 Rb7 30. Ke2 Rd7 31. a4 Be5 32. Rc5 Kf6 33. a5
Rc7 34. Rb5 Bd6 35. f4 Ke7 36. a6 Rc5 37. Rb7+ Rc7 38. Bd5 Rxb7 39. axb7 f6 40.
Kd3 Bc7 41. Kc4 Kd6 42. Bf7 g5 43. Kb5 Bb8 44. Bg6 Ke6 45. Ka6 gxf4 46. gxf4 Kd5
47. Bxf5 Kc6 48. Be4+ Kc5 49. Bd3 Kc6 50. Bc4 Kc5 51. Bf7 Kc6 52. Bg8 Kc5 53.
Bb3 Kb4 54. Bc2 Kc5 55. e4 Kc6 56. e5 fxe5 57. f5 Kd6 58. Kb5 Bc7 59. Be4 Bb8
60. Ka6 Ke7 61. Bb1 Kd6 62. Bc2 Ke7 63. Kb5 Kd6 64. Be4 Bc7 65. Bc2 1/2-1/2

[Event "World Rapid Women 2021"]
[Site "Warsaw POL"]
[Date "2021.12.27"]
[Round "5.14"]
[White "Muzychuk, Mariya"]
[Black "Socko, Monika"]
[Result "1-0"]
[WhiteTitle "GM"]
[BlackTitle "GM"]
[WhiteElo "2539"]
[BlackElo "2393"]
[WhiteFideId "14114550"]
[BlackFideId "1106619"]
[EventDate "2021.12.26"]

1. e4 c6 2. d4 d5 3. Nc3 dxe4 4. Nxe4 Nf6 5. Nxf6+ exf6 6. c3 Bd6 7. Bd3 O-O 8.
Qc2 Re8+ 9. Be3 h5 10. Nf3 Nd7 11. O-O-O Nf8 12. h3 Qc7 13. Kb1 Bf4 14. Rde1
Bxe3 15. fxe3 Bd7 16. e4 c5 17. e5 cxd4 18. exf6 dxc3 19. Ng5 g6 20. Ne4 Qb6 21.
Qxc3 Bf5 22. g4 Bxe4 23. Bxe4 Rac8 24. Qf3 Re6 25. Rhf1 Rce8 26. Re2 Qd4 27.
Rfe1 Rxf6 28. Qg3 Rfe6 29. Qg2 h4 30. a3 Nh7 31. Bc2 Rxe2 32. Rxe2 Rxe2 33. Qxe2
Ng5 34. Qe7 Qd5 35. Qe3 a6 36. a4 a5 37. Ka1 Kg7 38. Bb3 Qf3 39. Qe5+ f6 40.
Qe7+ Kh6 41. Qf8+ Kh7 42. Bg8+ Kh8 43. Bd5+ Kh7 44. Qg8+ Kh6 45. Qh8+ 1-0

[Event "World Rapid Women 2021"]
[Site "Warsaw POL"]
[Date "2021.12.27"]
[Round "5.15"]
[White "Movsesian, Julia"]
[Black "Koneru, Humpy"]
[Result "0-1"]
[WhiteTitle "WGM"]
[BlackTitle "GM"]
[WhiteElo "2300"]
[BlackElo "2586"]
[WhiteFideId "4139690"]
[BlackFideId "5008123"]
[EventDate "2021.12.26"]

1. e4 e5 2. Nf3 Nc6 3. Bc4 Bc5 4. c3 Nf6 5. d4 exd4 6. b4 Bb6 7. e5 d5 8. exf6
dxc4 9. b5 O-O 10. O-O dxc3 11. fxg7 Re8 12. Nxc3 Qxd1 13. Rxd1 Nb4 14. Bb2 Bg4
15. Rd2 Bxf3 16. gxf3 Nd3 17. Nd5 Nxb2 18. Nf6+ Kxg7 19. Nxe8+ Rxe8 20. Rxb2 Bd4
21. Rab1 Bxb2 22. Rxb2 Re5 23. a4 Kf6 24. Rc2 Rc5 0-1

[Event "World Rapid Women 2021"]
[Site "Warsaw POL"]
[Date "2021.12.27"]
[Round "5.16"]
[White "Fernandez, Maria Florencia"]
[Black "Assaubayeva, Bibisara"]
[Result "0-1"]
[WhiteTitle "WIM"]
[BlackTitle "IM"]
[WhiteElo "2229"]
[BlackElo "2434"]
[WhiteFideId "116459"]
[BlackFideId "13708694"]
[EventDate "2021.12.26"]

1. d4 Nf6 2. c4 g6 3. Nc3 Bg7 4. e4 d6 5. Be2 O-O 6. Be3 c5 7. d5 e6 8. Nf3 exd5
9. exd5 Bf5 10. O-O Ne4 11. Nxe4 Bxe4 12. Bd3 Bxf3 13. Qxf3 Nd7 14. Qe2 Re8 15.
Qd2 Ne5 16. Be2 f5 17. Kh1 Qh4 18. Bf4 Nf7 19. g3 Qf6 20. Rab1 g5 21. Be3 f4 22.
gxf4 gxf4 23. Bxf4 Rxe2 24. Qxe2 Qxf4 25. Rg1 Ne5 26. Rg3 Rf8 27. Rbg1 Rf7 28.
b3 Kf8 29. Qh5 Qe4+ 30. R3g2 Nf3 31. Rg4 Qe5 32. Qxe5 Nxe5 33. R4g2 Ng6 34. Re1
Be5 35. Re4 Rf3 36. Kg1 Rc3 37. Re1 Kf7 38. Rg4 Kf6 39. Re3 Rc2 40. Rf3+ Kg7 41.
h4 Kh6 42. Rf5 Bd4 43. h5 Ne5 44. Rg3 Rd2 45. Kg2 Nd3 46. Rgf3 Ne1+ 47. Kg3 Nxf3
48. Rxf3 Rxf2 49. Rxf2 Bxf2+ 50. Kxf2 Kxh5 51. Kg3 Kg5 52. Kh3 a5 53. Kg3 b6 54.
Kh3 Kf4 55. Kh4 Ke4 56. Kg5 Kd4 57. Kh6 Kc3 58. Kxh7 Kb2 59. Kg6 Kxa2 60. Kf6
Kxb3 61. Ke6 a4 62. Kxd6 a3 63. Kc6 a2 64. Kxb6 Kxc4 65. d6 a1=Q 66. d7 Qf6+ 67.
Kc7 Kd5 0-1

[Event "World Rapid Women 2021"]
[Site "Warsaw POL"]
[Date "2021.12.27"]
[Round "5.17"]
[White "Garcia Martin, Marta"]
[Black "Danielian, Elina"]
[Result "0-1"]
[WhiteTitle "IM"]
[BlackTitle "GM"]
[WhiteElo "2325"]
[BlackElo "2441"]
[WhiteFideId "32084030"]
[BlackFideId "13300210"]
[EventDate "2021.12.26"]

1. e4 d6 2. d4 g6 3. Bc4 Bg7 4. Nf3 e6 5. Bb3 a6 6. O-O Ne7 7. Re1 O-O 8. Be3
Nd7 9. Qd2 b5 10. Bh6 Bb7 11. Qf4 Nc6 12. Bxg7 Kxg7 13. e5 dxe5 14. dxe5 Ne7 15.
Nbd2 Nd5 16. Bxd5 Bxd5 17. Rad1 Qe7 18. Ne4 Rad8 19. h4 h6 20. Rd4 Bxe4 21. Qxe4
Nc5 22. Qf4 Na4 23. Red1 Rxd4 24. Qxd4 c5 25. Qd6 Qxd6 26. Rxd6 Nxb2 27. Rxa6
Rd8 28. Ra5 Rd1+ 29. Kh2 Rc1 30. Rxb5 Rxc2 31. Kg3 Na4 32. Ra5 Nc3 33. a4 Ra2
34. Ne1 c4 35. Kf3 Nxa4 36. Nc2 Rxc2 37. Rxa4 g5 38. h5 Rc1 39. g4 c3 40. Ke2 c2
41. Rc4 Rg1 42. Rxc2 Rxg4 43. Ke3 Rh4 44. Rc7 Rxh5 45. f3 Rh1 46. Rc5 Kg6 47.
Kf2 Rd1 0-1

[Event "World Rapid Women 2021"]
[Site "Warsaw POL"]
[Date "2021.12.27"]
[Round "5.18"]
[White "Michna, Marta"]
[Black "Kazarian, Anna-Maja"]
[Result "1-0"]
[WhiteTitle "WGM"]
[BlackTitle "FM"]
[WhiteElo "2314"]
[BlackElo "2138"]
[WhiteFideId "1106686"]
[BlackFideId "1033689"]
[EventDate "2021.12.26"]

1. f4 Nf6 2. Nf3 d5 3. b3 c5 4. Bb2 e6 5. e3 Be7 6. g3 Nc6 7. Bg2 b5 8. O-O Bb7
9. Qe2 Qb6 10. a4 b4 11. d3 a5 12. Nbd2 O-O 13. Kh1 Rad8 14. Rae1 Ba6 15. e4
dxe4 16. Nxe4 Nd4 17. Bxd4 cxd4 18. Nxf6+ Bxf6 19. Nd2 Qc7 20. Nc4 Rfe8 21. f5
Bxc4 22. dxc4 Qd7 23. fxe6 Rxe6 24. Qd3 Qe7 25. Rxe6 fxe6 26. Qe4 Qd6 27. Bh3
Re8 28. Re1 e5 29. Bg2 g6 30. Rf1 Rf8 31. h4 Bg7 32. Rxf8+ Qxf8 33. Qd5+ Kh8 34.
c5 Qf2 35. c6 Qe1+ 36. Kh2 Bf6 37. c7 Bxh4 38. c8=Q+ Kg7 39. Qdd7+ Kh6 40. Qf8+
Kh5 41. Qxh7+ 1-0

[Event "World Rapid Women 2021"]
[Site "Warsaw POL"]
[Date "2021.12.27"]
[Round "5.19"]
[White "Vantika, Agrawal"]
[Black "Pourkashiyan, Atousa"]
[Result "0-1"]
[WhiteTitle "WGM"]
[BlackTitle "WGM"]
[WhiteElo "2381"]
[BlackElo "2322"]
[WhiteFideId "25050389"]
[BlackFideId "12502014"]
[EventDate "2021.12.26"]

1. d4 Nf6 2. c4 e6 3. g3 d5 4. Bg2 Bb4+ 5. Nd2 O-O 6. Nf3 dxc4 7. Qc2 b5 8. a4
c6 9. axb5 cxb5 10. Ng5 h6 11. h4 g6 12. Bxa8 hxg5 13. hxg5 Ng4 14. Kf1 Qxd4 15.
Ne4 Nd7 16. Bf4 e5 17. Rd1 Qb6 18. Bc1 f5 19. gxf6 Ndxf6 20. Bd5+ Nxd5 21. Rxd5
Nxf2 22. Kg2 Bf5 23. Rxe5 Nxe4 24. Rxe4 Qc6 25. Rh4 Re8 26. Kf3 Qd5 27. Be3 a5
28. Rf4 g5 29. Rxf5 Qxf5+ 30. Bf4 g4+ 31. Ke3 Bc5+ 32. Kd2 Qxe4 0-1

[Event "World Rapid Women 2021"]
[Site "Warsaw POL"]
[Date "2021.12.27"]
[Round "5.20"]
[White "Kovanova, Baira"]
[Black "Kurmangaliyeva, Liya"]
[Result "1/2-1/2"]
[WhiteTitle "WGM"]
[BlackTitle "FM"]
[WhiteElo "2331"]
[BlackElo "2195"]
[WhiteFideId "4164083"]
[BlackFideId "13725831"]
[EventDate "2021.12.26"]

1. e4 c5 2. Nf3 d6 3. d4 cxd4 4. Nxd4 Nf6 5. Nc3 Nc6 6. Bg5 e6 7. Qd2 a6 8.
O-O-O Bd7 9. f4 b5 10. a3 Be7 11. Bxf6 gxf6 12. f5 Qb6 13. Nxc6 Bxc6 14. Re1 b4
15. axb4 Qxb4 16. Qe3 Rb8 17. b3 Qa5 18. Bc4 Qe5 19. Qg3 Qxg3 20. hxg3 Kd7 21.
Bxa6 Bd8 22. Nb1 Bb6 23. Re2 Rbg8 24. Rh3 Rg4 25. Bd3 Ke7 26. Nd2 Bd4 27. Nf3
Bc3 28. Re3 Bb4 29. Nd4 Bb7 30. Re2 h5 31. Kb2 Bc5 32. c3 Rhg8 33. fxe6 fxe6 34.
Rxh5 Rxg3 35. Bc4 Bxd4 36. cxd4 Rxg2 37. Rh7+ R8g7 38. Rxg2 Rxh7 39. d5 exd5 40.
exd5 f5 41. Re2+ Kd7 42. Rf2 Rh5 43. Bd3 Bxd5 44. Rxf5 1/2-1/2

[Event "World Rapid Women 2021"]
[Site "Warsaw POL"]
[Date "2021.12.27"]
[Round "5.21"]
[White "Muzychuk, Anna"]
[Black "Wikar, Martyna"]
[Result "1-0"]
[WhiteTitle "GM"]
[BlackTitle "WFM"]
[WhiteElo "2531"]
[BlackElo "2168"]
[WhiteFideId "14111330"]
[BlackFideId "21807663"]
[EventDate "2021.12.26"]

1. e4 c5 2. Nc3 Nc6 3. Bb5 g6 4. Bxc6 dxc6 5. d3 e5 6. f4 Bg7 7. fxe5 Bxe5 8.
Nf3 Bd4 9. Nxd4 cxd4 10. Ne2 Qh4+ 11. Ng3 Nf6 12. Qf3 Ng4 13. Qf4 Qf6 14. h3
Qxf4 15. Bxf4 Ne3 16. Bxe3 dxe3 17. Ke2 f5 18. exf5 Bxf5 19. Nxf5 gxf5 20. Kxe3
O-O-O 21. Rae1 Rhg8 22. Kf2 Rg7 23. Re5 Rdg8 24. Rg1 Rf8 25. Rge1 Kd7 26. R1e2
Rfg8 27. Kf1 Rf8 28. Rf2 Rgf7 29. Rf4 Kd6 30. d4 b6 31. Re2 h6 32. c3 Rf6 33.
Ref2 Ke6 34. Ke2 h5 35. R2f3 R8f7 36. Kf2 Rg7 37. g3 Rg5 38. h4 Rg7 39. Re3+ Kd6
40. Re5 Rgf7 41. c4 c5 42. Rd5+ Kc6 43. dxc5 bxc5 44. b3 Rf8 45. Kg2 a5 46. Rf3
R6f7 47. Re3 Rg8 48. Ree5 Rfg7 49. Rxc5+ Kb6 50. Rb5+ Kc6 51. Rec5+ Kd6 52. Rd5+
Kc6 53. Rd3 f4 54. Rxa5 Rxg3+ 55. Rxg3 Rxg3+ 56. Kf2 1-0

[Event "World Rapid Women 2021"]
[Site "Warsaw POL"]
[Date "2021.12.27"]
[Round "5.22"]
[White "Abdumalik, Zhansaya"]
[Black "Maisuradze, Nino"]
[Result "1-0"]
[WhiteTitle "GM"]
[BlackTitle "WGM"]
[WhiteElo "2491"]
[BlackElo "2202"]
[WhiteFideId "13703544"]
[BlackFideId "13601717"]
[EventDate "2021.12.26"]

1. e4 c5 2. Nf3 Nc6 3. Bb5 g6 4. Bxc6 dxc6 5. d3 Bg7 6. h3 Nf6 7. Be3 Nd7 8. Nc3
e5 9. Qd2 h6 10. a4 a5 11. O-O b6 12. Nh2 Nf8 13. f4 exf4 14. Rxf4 Be6 15. Raf1
g5 16. R4f2 Qd6 17. Ne2 O-O-O 18. Nf3 Ng6 19. d4 cxd4 20. Nexd4 Ne5 21. c3 Bc4
22. Rd1 Nd3 23. Rff1 Nc5 24. e5 Qc7 25. Qc2 Bxf1 26. Rxf1 Ne6 27. Nxe6 fxe6 28.
b4 Rd5 29. c4 Rxe5 30. Nxe5 Bxe5 31. bxa5 bxa5 32. Qe4 Rd8 33. Bc5 Bf4 34. Qxe6+
Qd7 35. Qxh6 Kc7 36. Qf6 Re8 37. Rb1 Rb8 38. Re1 Re8 39. Rxe8 Qxe8 40. Qg7+ Kc8
41. Qe7 Qg6 42. Bf2 Qb1+ 43. Qe1 Qb4 44. Qe6+ Kc7 45. g3 Bd6 46. Qf7+ Be7 47.
Kg2 Qd6 48. g4 Kd8 49. Bb6+ Kc8 50. Qf5+ Kb7 51. Bxa5 Bf6 52. Be1 Ka6 53. Qc8+
Ka7 54. Bf2+ Bd4 55. Bxd4+ Qxd4 56. Qc7+ Ka8 57. Qxc6+ Ka7 58. Qc7+ Ka6 59. Qc8+
Ka5 60. Qf5+ Kxa4 61. Qxg5 Qe4+ 62. Kf2 Qc2+ 63. Kg3 Qc3+ 64. Kh4 Qh8+ 65. Kg3
Qc3+ 66. Kg2 Qc2+ 67. Kf3 Qd1+ 68. Ke4 Qc2+ 69. Kd5 Qg2+ 70. Kc5 Qxh3 71. Qd2
Qa3+ 72. Kc6 Qf3+ 73. Qd5 Qxg4 74. Qb5+ Ka3 75. c5 Qc8+ 76. Kd6 Qf8+ 77. Kd7
Qf7+ 78. Kc8 Qe6+ 79. Qd7 Qa6+ 80. Kb8 Qc4 81. c6 Qg8+ 82. Qc8 Qb3+ 83. Qb7 Qg8+
84. Ka7 Qg1+ 85. Qb6 Qg7+ 86. c7 Ka2 87. Kb8 Qe5 88. Ka7 Qc3 89. Qa6+ 1-0

[Event "World Rapid Women 2021"]
[Site "Warsaw POL"]
[Date "2021.12.27"]
[Round "5.23"]
[White "Kashlinskaya, Alina"]
[Black "Salimova, Nurgyul"]
[Result "1/2-1/2"]
[WhiteTitle "IM"]
[BlackTitle "IM"]
[WhiteElo "2490"]
[BlackElo "2353"]
[WhiteFideId "4198026"]
[BlackFideId "2915138"]
[EventDate "2021.12.26"]

1. d4 d5 2. c4 e6 3. Nf3 Nf6 4. Nc3 c5 5. e3 Nc6 6. cxd5 exd5 7. Bb5 Bd6 8. O-O
O-O 9. dxc5 Bxc5 10. b3 Bg4 11. Bxc6 bxc6 12. Bb2 Bd6 13. Rc1 Rc8 14. Ne2 Qe7
15. Ng3 Rfe8 16. Qd3 Bxf3 17. gxf3 Be5 18. Bxe5 Qxe5 19. Kh1 g6 20. Rc2 h5 21.
Rfc1 h4 22. Ne2 Qh5 23. Nd4 Nd7 24. f4 c5 25. Qe2 cxd4 26. Qxh5 Rxc2 27. Qd1
Rxc1 28. Qxc1 dxe3 29. fxe3 Nf6 30. Qc6 Kg7 31. Qc3 h3 32. Kg1 Re6 33. Kf2 Kg8
34. Kf3 Ne4 35. Qd4 f5 36. Qxd5 Kf7 37. b4 Ke7 38. Qb7+ Kf6 39. Ke2 Rd6 40. Ke1
Nc3 41. Qf3 Ne4 42. Qxh3 Rd1+ 43. Ke2 Rd2+ 44. Ke1 Rd1+ 45. Ke2 Rd2+ 46. Ke1
Rd1+ 1/2-1/2

[Event "World Rapid Women 2021"]
[Site "Warsaw POL"]
[Date "2021.12.27"]
[Round "5.24"]
[White "Bulmaga, Irina"]
[Black "Paramzina, Anastasya"]
[Result "0-1"]
[WhiteTitle "IM"]
[BlackTitle "WGM"]
[WhiteElo "2390"]
[BlackElo "2260"]
[WhiteFideId "13903063"]
[BlackFideId "4165012"]
[EventDate "2021.12.26"]

1. e4 c5 2. Nf3 d6 3. d4 cxd4 4. Nxd4 Nf6 5. Nc3 a6 6. Bg5 Nbd7 7. Qe2 h6 8. Bh4
g6 9. O-O-O e5 10. Nb3 Qc7 11. Kb1 b5 12. f4 Be7 13. fxe5 dxe5 14. Bf2 Nb6 15.
Bxb6 Qxb6 16. h3 O-O 17. g4 Rb8 18. Nd5 Nxd5 19. exd5 Bd6 20. Nd2 f5 21. gxf5
Bxf5 22. Bg2 Rbc8 23. Be4 Kh7 24. h4 h5 25. Bxf5 Rxf5 26. Ne4 Rcf8 27. Rhg1 Be7
28. Ng3 Rf2 29. Qxe5 Qc5 30. Ne4 Qxc2+ 31. Ka1 R2f7 32. Qe6 Bf6 33. Nxf6+ Rxf6
34. Qe5 Rf5 35. Qd4 Rf4 36. Qa7+ R8f7 37. Qxa6 Ra4 38. Qb6 Rfa7 39. Qxa7+ Rxa7
40. d6 Rd7 41. Rge1 Kh6 42. Rd4 b4 43. Red1 g5 44. hxg5+ Kxg5 45. R4d2 Qe4 46.
Rd5+ Kh6 47. R5d4 Qf3 48. R1d3 Qf6 49. Kb1 h4 50. Kc2 Qf2+ 51. Kb3 Kg5 52. Rd5+
Kf6 53. Rd2 Qf3+ 54. R5d3 Qe4 55. Rd4 Qe6+ 56. Kxb4 h3 57. Kc5 Qxa2 58. Kc6 Qa7
59. b4 Rb7 60. Kd5 Qa8 61. Kc4 Qc8+ 62. Kb3 Rd7 63. R4d3 Qg8+ 64. Kc3 Qg4 65.
Rd4 Qg1 66. Rf4+ Kg5 67. Rff2 Rxd6 68. Rde2 Qc1+ 69. Kb3 Rd3+ 70. Ka4 Qc6+ 71.
b5 Qc5 72. Ra2 Rd4+ 73. Kb3 Qxb5+ 74. Kc3 Qc5+ 75. Kb3 Rb4+ 0-1

[Event "World Rapid Women 2021"]
[Site "Warsaw POL"]
[Date "2021.12.27"]
[Round "5.25"]
[White "Mamedjarova, Zeinab"]
[Black "Padmini, Rout"]
[Result "1/2-1/2"]
[WhiteTitle "WGM"]
[BlackTitle "IM"]
[WhiteElo "2249"]
[BlackElo "2345"]
[WhiteFideId "13401521"]
[BlackFideId "5029295"]
[EventDate "2021.12.26"]

1. d4 Nf6 2. g3 c5 3. c3 Qb6 4. Bg2 d5 5. Nf3 g6 6. O-O Bg7 7. dxc5 Qxc5 8. Qd4
Qa5 9. Qh4 O-O 10. Nbd2 Nc6 11. Nb3 Qa6 12. Re1 Bg4 13. Bh6 Bxf3 14. Bxf3 Ne5
15. Bxg7 Kxg7 16. Bg2 Rac8 17. Qd4 Nc6 18. Qh4 Rfd8 19. e4 dxe4 20. Bxe4 Nxe4
21. Rxe4 Rd5 22. Nd4 e5 23. Qg4 Ne7 24. Rae1 f5 25. Nxf5+ Nxf5 26. Rxe5 Rxe5 27.
Rxe5 Rf8 28. Qe4 Rf7 29. Re6 Qa5 30. b4 Qxa2 31. Qe5+ Kg8 32. Re8+ Rf8 33. Rxf8+
Kxf8 34. Qb8+ Kf7 35. Qxb7+ Ne7 36. Qf3+ Kg7 37. Qe3 Nf5 38. Qe5+ Kg8 39. Qe8+
Kg7 40. Qe5+ Kf7 41. b5 Qc4 42. h4 h5 43. Qb8 Qc5 44. Qb7+ Kf6 45. Qa6+ Nd6 46.
c4 Ke6 47. Qa2 Nxc4 48. Qc2 Kf7 49. Qa2 Kg7 50. Qa1+ Kh7 51. Qf6 Ne5 52. Kg2
Qd5+ 53. Kg1 Nf3+ 54. Kf1 Qxb5+ 55. Kg2 Ne5 56. Qe7+ Kg8 57. Qe6+ Kg7 58. Qe7+
Nf7 59. Qxa7 Qd5+ 60. Kg1 Qe5 61. Qb7 Kg8 62. Qc6 Qd6 63. Qa8+ Qd8 64. Qc6 Nd6
65. Qd5+ Kh7 66. g4 hxg4 67. h5 Qf6 68. hxg6+ Kxg6 69. Qg8+ Kf5 70. Qh7+ Ke5 71.
Qh5+ Qf5 72. Qh8+ Ke6 73. Qh6+ Ke7 74. Qe3+ Kf7 75. Qa7+ Kg6 76. Qb6 Qd3 77. Qd8
Qb1+ 78. Kh2 Nf5 79. Qg8+ Kh5 80. Qe8+ Kg5 81. Qd8+ Kf4 82. Qd2+ Kf3 83. Qd1+
Qxd1 1/2-1/2

[Event "World Rapid Women 2021"]
[Site "Warsaw POL"]
[Date "2021.12.27"]
[Round "5.26"]
[White "Kamalidenova, Meruert"]
[Black "Zawadzka, Jolanta"]
[Result "1-0"]
[WhiteTitle "WIM"]
[BlackTitle "WGM"]
[WhiteElo "2351"]
[BlackElo "2426"]
[WhiteFideId "13712802"]
[BlackFideId "1122320"]
[EventDate "2021.12.26"]

1. e4 c5 2. Nf3 e6 3. d4 cxd4 4. Nxd4 Nc6 5. Nc3 Qc7 6. g4 a6 7. Be3 b5 8. Nxc6
Qxc6 9. Qd2 Bb7 10. f3 Rc8 11. O-O-O h6 12. h4 Nf6 13. Rg1 d6 14. Ne2 g6 15. Kb1
Bg7 16. c3 d5 17. e5 Nd7 18. f4 Nc5 19. Bxc5 Qxc5 20. Nd4 Qe7 21. Qe1 h5 22. f5
hxg4 23. fxe6 Qxh4 24. exf7+ Kxf7 25. Bd3 Qxe1 26. Rdxe1 Rh4 27. Rgf1+ Kg8 28.
Bxg6 Rf8 29. Nf5 Rh2 30. e6 Bf6 31. e7 Bxe7 32. Rxe7 Bc8 33. Ree1 Bd7 34. Ng3
Rf3 35. Bf5 Bxf5+ 36. Nxf5 Rhf2 37. Rxf2 Rxf2 38. Ne3 g3 39. Rg1 Rf3 40. Nf1 Kf7
41. Nxg3 Rf4 42. Ne2 b4 1-0

[Event "World Rapid Women 2021"]
[Site "Warsaw POL"]
[Date "2021.12.27"]
[Round "5.27"]
[White "Kiolbasa, Oliwia"]
[Black "Nomin-Erdene, Davaademberel"]
[Result "0-1"]
[WhiteTitle "WIM"]
[BlackTitle "IM"]
[WhiteElo "2399"]
[BlackElo "2391"]
[WhiteFideId "1154613"]
[BlackFideId "4900782"]
[EventDate "2021.12.26"]

1. e4 c6 2. d4 d5 3. e5 Bf5 4. h4 h5 5. Bd3 Bxd3 6. Qxd3 Qa5+ 7. Nd2 e6 8. Nf3
Qa6 9. c4 Nh6 10. b3 Nf5 11. a4 c5 12. Ba3 Nd7 13. Qc3 Rc8 14. cxd5 exd5 15. Qc2
g6 16. b4 b6 17. b5 Qb7 18. Rc1 Be7 19. O-O O-O 20. Qb1 Rfe8 21. Bb2 Nf8 22.
Rfe1 Ne6 23. g3 cxd4 24. Nb3 Bc5 25. Qd3 Bb4 26. Nfxd4 Nfxd4 27. Nxd4 Bxe1 28.
Rxe1 Rc4 29. f4 Nc5 30. Qe3 Ne4 31. Nc6 Qd7 32. Qf3 Qh3 33. Re2 Qxg3+ 34. Qxg3
Nxg3 35. Rd2 Rxf4 36. Rxd5 Nf5 37. a5 bxa5 38. Nxa5 Rg4+ 39. Kf2 Rxh4 40. Bc3
Rh2+ 41. Kg1 Rc2 42. Bb4 Ne3 43. Rd3 Rxe5 44. Bc3 Rg5+ 45. Kh1 Rc1+ 0-1

[Event "World Rapid Women 2021"]
[Site "Warsaw POL"]
[Date "2021.12.27"]
[Round "5.28"]
[White "Nurgali, Nazerke"]
[Black "Injac, Teodora"]
[Result "1/2-1/2"]
[WhiteTitle "WIM"]
[BlackTitle "WGM"]
[WhiteElo "2260"]
[BlackElo "2407"]
[WhiteFideId "13711261"]
[BlackFideId "932400"]
[EventDate "2021.12.26"]

1. d4 Nf6 2. Nf3 g6 3. c4 Bg7 4. Nc3 d6 5. e4 O-O 6. Be2 Na6 7. O-O e5 8. Qc2
exd4 9. Nxd4 Re8 10. Rd1 Nb4 11. Qb1 Qe7 12. f3 Nh5 13. a3 Nc6 14. Nd5 Qh4 15.
Nxc6 bxc6 16. Nxc7 Be5 17. f4 Nxf4 18. Bxf4 Qxf4 19. Nxe8 Qxh2+ 20. Kf1 Bh3 21.
Bf3 Rxe8 22. Qd3 Be6 23. Rab1 c5 24. b3 h5 25. Ke2 Qg3 26. Rf1 h4 27. Kd2 g5 28.
Kc2 a5 29. a4 Bd4 30. e5 dxe5 31. Bc6 Qxd3+ 32. Kxd3 Rd8 33. Ke4 f5+ 34. Rxf5
Bxf5+ 35. Kxf5 Be3 36. Bd5+ Kg7 37. Kxe5 Bf4+ 38. Kf5 Rf8+ 39. Kg4 Re8 40. Rf1
Re3 41. Rf3 Re2 42. Rd3 Kf6 43. Bf3 Rd2 44. Rxd2 Bxd2 45. g3 hxg3 46. Kxg3 Ke5
47. Kg4 Kd4 48. Bc6 Ke5 1/2-1/2

[Event "World Rapid Women 2021"]
[Site "Warsaw POL"]
[Date "2021.12.27"]
[Round "5.29"]
[White "Maltsevskaya, Aleksandra"]
[Black "Nur-Mukhametova, Alisa"]
[Result "1/2-1/2"]
[WhiteTitle "IM"]
[WhiteElo "2400"]
[BlackElo "2225"]
[WhiteFideId "24174041"]
[BlackFideId "54117739"]
[EventDate "2021.12.26"]

1. c4 Nf6 2. g3 g6 3. Bg2 Bg7 4. Nc3 O-O 5. Nf3 c5 6. d4 d5 7. dxc5 Qa5 8. cxd5
Nxd5 9. Qxd5 Bxc3+ 10. Bd2 Rd8 11. Bxc3 Qxc3+ 12. Qd2 Rxd2 13. bxc3 Rd5 14. O-O
Rxc5 15. Nd4 Nc6 16. Rfd1 Nxd4 17. cxd4 Rc2 18. Bf3 Be6 19. a3 Rd8 20. e3 b6 21.
a4 Rdc8 22. a5 Rb2 23. axb6 axb6 24. Rdc1 Rxc1+ 25. Rxc1 Bh3 26. d5 Kg7 27. Bg2
Bxg2 28. Kxg2 Rd2 29. e4 Rd3 30. Rb1 f5 31. f3 Rd2+ 32. Kh3 fxe4 33. fxe4 Rd4
34. Rxb6 Rxe4 35. Kg2 Rd4 36. Rb5 Rd2+ 37. Kh3 Kf6 38. g4 Ke5 39. Rb7 Kd6 40.
Rb8 Rxd5 41. Rh8 h5 42. Rg8 Rg5 43. gxh5 Rxh5+ 44. Kg3 Rg5+ 45. Kf4 Rg2 46. h4
Ke6 47. Kf3 Rg1 48. Ra8 Kf6 49. Ra5 Rb1 50. Kg4 Rb4+ 51. Kg3 Rc4 52. Rb5 Re4 53.
Rb6+ Kf5 54. Rb5+ e5 55. Rb3 Rg4+ 56. Kh3 Rd4 57. Rg3 e4 58. Rg5+ Kf6 59. Ra5 e3
60. Ra2 Re4 61. Re2 Ke5 62. Kg3 Kd4 63. Re1 e2 64. Kf2 Kd3 65. Ra1 Rf4+ 66. Kg2
Re4 67. Kf2 Rf4+ 68. Kg2 Re4 69. Kf2 Rf4+ 70. Kg2 Rc4 71. Kf2 Rf4+ 1/2-1/2